00913 2200325 4500001002100000005001500021035002000036007000300056008004100059020002200100082001100122084001700133100003500150245017100185250002700356260003000383300002600413650001200439700002000451990001300471990001300484990001100497990001300508990001100521990001100532990001100543990001100554990001100565990001100576INLIS00000000000209120180718092253 a0010-0718000043ta180718 g 0 ind  a978-979-1254-96-0 a297.19 a297.19 HAM k0 aHAMMUD, bin Abdullah al-Mathar1 aKeutamaan & Pahala Besar Membaca Al-Qur'an :bDilengkapi Fadhilah Beberapa Surat dan Ayat dalam Al-Qur'an /cHammud bin Abdullah al-Mathar; penerjemah, Izzudin Karimi aed. Indonesia.-- cet.3 a[s.l] :bDarul Haq,c2016 avi, 90 hlm. ;c15 cm. aALQURAN0 aIZZUDIN, Karimi a*16496a* a*16496b* a16496b a*16496a* a16496a a16496b a16496a a16496b a16496b a16496a